Grabados y lemas de armas blancas / (Record no. 157858)

MARC details
000 -LEADER
campo de control de longitud fija 00845nam a22002055i 4500
001 - NÚMERO DE CONTROL
campo de control 157858
003 - IDENTIFICADOR DE NÚMERO DE CONTROL
campo de control ES-MaACL
005 - FECHA Y HORA DE LA ÚLTIMA TRANSACCIÓN
campo de control 20251118150223.0
008 - DATOS DE LONGITUD FIJA--INFORMACIÓN GENERAL
campo de control de longitud fija 960620s1882 sp |||| | spa d
040 ## - FUENTE DE CATALOGACIÓN
Centro catalogador/agencia de origen CLM
Lengua de catalogación spa
Centro/agencia transcriptor CLM
080 ## - NÚMERO DE LA CLASIFICACIÓN DECIMAL UNIVERSAL
Número de la Clasificación Decimal Universal 623.444(089.3)
100 1# - ENTRADA PRINCIPAL--NOMBRE DE PERSONA
Nombre de persona Llave, Pedro de la,
Fechas asociadas al nombre 1815-1888
9 (RLIN) 128507
245 10 - MENCIÓN DEL TÍTULO
Título Grabados y lemas de armas blancas /
Mención de responsabilidad, etc. por El Excmo. Sr. D. Pedro de la Llave ; seguido de algunas consideraciones sobre el mismo asunto por Guillermo Martínez.
260 ## - PUBLICACIÓN, DISTRIBUCIÓN, ETC.
Lugar de publicación, distribución, etc. Madrid :
Nombre del editor, distribuidor, etc. [s.n.],
Fecha de publicación, distribución, etc. 1882 (
Fabricante Imprenta de Gregorio Hernando)
300 ## - DESCRIPCIÓN FÍSICA
Extensión 54 p. ;
Dimensiones 22 cm.
650 #4 - PUNTO DE ACCESO ADICIONAL DE MATERIA--TÉRMINO DE MATERIA
Término de materia o nombre geográfico como elemento de entrada Armas blancas-
Subdivisión de forma Máximas y aforismos.
9 (RLIN) 137630
700 1# - ENTRADA AGREGADA--NOMBRE PERSONAL
Nombre de persona Martínez, Guillermo,
Fechas asociadas al nombre fl. 1879-1912
9 (RLIN) 129659
852 ## - LOCALIZACIÓN
Ubicación ES-MaACL
Número de control de estantería G-9795
Nota libre -- Enc. hol.
-- -- An. ms.: ded. del autor al Ateneo de Madrid
Holdings
Estatus retirado Estado de pérdida Estado de daño No para préstamo Colección Biblioteca de origen Biblioteca actual Ubicación en estantería Fecha de adquisición Fuente de adquisición Total de préstamos Signatura topográfica completa Código de barras Visto por última vez Precio de reemplazo Tipo de ítem Koha
        Libros del s. XIX Biblioteca del Ateneo de Madrid Biblioteca del Ateneo de Madrid Sala Pecera Planta 3 17/01/2008     G-9795 1165205 23/02/2023 23/02/2023 Libro impreso antiguo